| 000 | 00726cam a22002412 4500 | ||
|---|---|---|---|
| 001 | 75559 | ||
| 003 | BD-RjUL | ||
| 005 | 20211209082717.0 | ||
| 008 | 180114s1963 njua b 001 0 eng | ||
| 035 | _a(BD-RjUL)75777 | ||
| 040 |
_aDLC _cCSU _dSER _dUKM _dEQO _dBD-RjUL _beng |
||
| 041 | 1 |
_aeng _hfre |
|
| 082 |
_a658.4034 _bMOM 1951 _223 |
||
| 100 | 1 |
_aMorse, Philip M. _925779 |
|
| 245 | 1 | 0 |
_aMethods of operations research / _cPhilip M. Morse and George E. Kimball |
| 250 | _a1rst ed. revised | ||
| 260 |
_aLondon : _bChamman & Hall,, _cc1951[1958] |
||
| 300 |
_a158 p. : _billus. ; _c27cm. |
||
| 504 | _aIncludes bibliography and index. | ||
| 650 | 0 |
_aOperations research. _925780 |
|
| 942 |
_2ddc _cBK |
||
| 999 |
_c75559 _d75559 |
||